Holka na zabití : neautorizovaný životopis Dagmar Veškrnové-Havlové /

Hlavní autor: Bauer, Jan, 1945-2025
Další autoři: Havlová, Dagmar, 1953-
Jazyk: Čeština
Vydáno: Praha : Formát 2000
Vydání: Vyd. 1.
Témata:
Externí odkaz: Digitalizovaný dokument
Fyzický popis: 193 s. : il., [16] s. obr. příl. ; 22 cm
Knihy
Uloženo v:
LEADER 01515nam a2200409 a 4500
001 000541885
003 CZ BrMZK
005 20230628074121.0
007 ta
008 010907s2000 xr e bcze d
015 |a cnb000884857 
020 |a 80-86155-56-0 
035 |a (OCoLC)44568479 
040 |a BOA001  |b cze 
043 |a e-xr--- 
072 7 |a 32  |x Politika  |2 Konspekt  |9 15 
072 7 |a 929  |x Biografie  |2 Konspekt  |9 8 
080 |a 929  |2 MRF 
080 |a 32-051-058.833  |2 MRF 
080 |a 791/792.071.2-055.2  |2 MRF 
080 |a (437.3)  |2 MRF 
080 |a (092)  |2 MRF 
100 1 |a Bauer, Jan,  |d 1945-2025  |7 jk01011157 
245 1 0 |a Holka na zabití :  |b neautorizovaný životopis Dagmar Veškrnové-Havlové /  |c Jan Bauer 
250 |a Vyd. 1. 
260 |a Praha :  |b Formát  |c 2000 
300 |a 193 s. :  |b il., [16] s. obr. příl. ;  |c 22 cm 
500 |a Dostupné též v digitální podobě v aplikaci Kramerius 
600 1 7 |a Havlová, Dagmar,  |d 1953-  |7 jn20000402535  |2 czenas 
650 0 7 |a manželky prezidentů  |7 ph122619  |z Česko  |y 20.-21. stol.  |2 czenas 
650 0 7 |a herečky  |7 ph120685  |z Česko  |y 20.-21. stol.  |2 czenas 
655 7 |a biografie  |7 fd131909  |2 czenas 
700 1 |a Havlová, Dagmar,  |d 1953-  |7 jn20000402535 
856 4 1 |u http://www.digitalniknihovna.cz/mzk/uuid/uuid:8839c070-4af4-11e5-8851-005056827e51  |y Digitalizovaný dokument  |x NDK 
910 |a BOA001  |b 2-1079.606 
990 |a BK 
996 6 |b 2610125650  |c 2-1079.606  |l MZK  |r Sklad / do 1 hodiny  |n 3  |p p.v.  |w 000541885  |u 000010  |a 1  |e BOA001  |j MZK50  |s P